| 000 | 00000nam 2200000zi 4500 |
| 001 | 9.943141 |
| 003 | CaOODSP |
| 005 | 20241104124705 |
| 006 | m o d f |
| 007 | cr |n||||||||| |
| 008 | 240912s2002 onc ob f000 0 fre d |
| 020 | |z0662665511 |
| 040 | |aCaOODSP|bfre|erda|cCaOODSP |
| 043 | |an-cn--- |
| 086 | 1 |aD82-64/2002F-PDF|zD82-64/2002 |
| 245 | 00|aStratégie nationale d'atténuation des catastrophes : |bvers une approache canadienne : guide de délibération. |
| 264 | 1|aOttawa : |bBureau de la protection des infrastructures essentielles et de la protection civile, |c[2002] |
| 300 | |a1 ressource en ligne (18 pages) |
| 336 | |atexte|btxt|2rdacontent/fre |
| 337 | |ainformatique|bc|2rdamedia/fre |
| 338 | |aressource en ligne|bcr|2rdacarrier/fre |
| 500 | |aPublié aussi en anglais sous le titre : National disaster mitigation strategy : towards a Canadian approach. |
| 500 | |aÉdition numérisée de l'imprimée [par Direction des publications gouvernementale du Canada]. |
| 500 | |aTitre de la couverture. |
| 500 | |a«Chercheurs/rédacteurs : Ruth M. Schneider et Aaron L. Schneider.» |
| 504 | |aComprend des références bibliographiques (page 17). |
| 650 | 6|aGestion des situations d'urgence|zCanada. |
| 650 | 6|aGestion des situations d'urgence|xPolitique gouvernementale|zCanada. |
| 700 | 1 |aSchneider, Ruth Morris, |eauteur. |
| 710 | 1 |aCanada.|bBureau de la protection des infrastructures essentielles et de la protection civile, |eorganisme de publication. |
| 775 | 08|tNational disaster mitigation strategy : |w(CaOODSP)9.943140 |
| 776 | 0#|tStratégie nationale d'atténuation des catastrophes: vers une approche canadienne : |w(CaOODSP)9.663726 |
| 856 | 40|qPDF|s12381 Ko|uhttps://publications.gc.ca/collections/collection_2024/sp-ps/D82-64-2002-fra.pdf |